000 00704nam a2200241Ia 4500
003 OSt
005 20220918201726.0
006 a|||||r|||| 00| 0
007 ta
008 220917b |||||||| |||| 00| 0 eng d
024 _a96,018
037 _cTextual
040 _aARTS
_cARTS
_beng
041 _2eng
_aeng
082 _aV1N49:191405:N7, K2
100 _aLowenstein Hubertus zu
_9100326
245 0 _aNATO and the defense of the West tr by Edward Fitzgerald
260 _c1962
650 _aHISTORY
700 _a Von Zuhlsdorff V Colkmar
_9100327
942 _hV1N49:191405:N7, K2
_cTEXL
_2CC
999 _c219634
_d219634